000 00672cab a2200229 4500
001 WB3416-51
008 090401t1998 xxu||||| |||| 00| 0 eng d
035 _a(Sirsi) u85964
041 _aeng
245 _aForest sales under fire
260 _c1998
350 _a0
490 _aIndependent
_v1 May 1998, 7(1)
520 _aThe Forestry Commission has been criticised for the way it sold off 66,000 hectares of property last year, in a report by the National Audit Office.
650 _aFORESTRY COMMISSION
650 _aLAND MANAGEMENT
650 _aLAND SALES
650 _aPRIVATISATION
690 _aRURAL PRACTICE
942 _n0
948 _c01/05/1998
999 _c54082
_d54082